Diagnóstico situacional de la gestión investigativa en la Universidad de las Regiones Autónomas de la Costa Caribe Nicaragüense, Recinto Bilwi, para el periodo del 2010-2012
El estudio presenta un diagnóstico situacional de la gestión investigativa en la Universidad de las Regiones Autónomas de la Costa Caribe Nicaragüense, Recinto Bilwi, para el periodo del 2010-2012, consiste en una descripción y análisis de la condición actual de la función en la gestión de...
| Main Authors: | , |
|---|---|
| Other Authors: | |
| Format: | Tesis Section = Libro |
| Language: | Undetermined Spanish |
| Published: |
Managua
UNI
2013
|
| Subjects: |
| LEADER | 01263nam a2200265Ia 4500 | ||
|---|---|---|---|
| 008 | 240830s9999 xx 000 0 und d | ||
| 040 | |a BIBLIOTECA-RUSB/ T.Mon 378.007 C999 | ||
| 041 | |a spa | ||
| 082 | |a T.Mon 378.007 C999 | ||
| 100 | 1 | |a C. Bush, Shaun Carol | |
| 100 | 1 | |b Williamson, Marcos | |
| 245 | 1 | 0 | |a Diagnóstico situacional de la gestión investigativa en la Universidad de las Regiones Autónomas de la Costa Caribe Nicaragüense, Recinto Bilwi, para el periodo del 2010-2012 |
| 260 | |a Managua |b UNI |c 2013 | ||
| 300 | |a 71 p. :il. | ||
| 500 | |a Contiene: anexos. | ||
| 502 | |a Tesis (Especialidad en Gestión Universitaria) - UNI, 2013. | ||
| 520 | 3 | |a El estudio presenta un diagnóstico situacional de la gestión investigativa en la Universidad de las Regiones Autónomas de la Costa Caribe Nicaragüense, Recinto Bilwi, para el periodo del 2010-2012, consiste en una descripción y análisis de la condición actual de la función en la gestión de la investigación en el recinto universitario Bilwi. 2. | |
| 650 | 7 | |a GESTION INVESTIGATIVA UNIVERSITARIA | |
| 650 | 7 | |b PLANIFICACION | |
| 650 | 7 | |c EVALUACION | |
| 650 | 7 | |d INVESTIGACION | |
| 700 | 1 | |a Tutor: |b Duriez, Maribel | |
| 942 | |c BK |2 ddc | ||
| 991 | |a TESIS | ||
| 999 | |c 21779 | ||